000 00457nam a22001817a 4500
005 20200514084212.0
008 200514b xxu||||| |||| 00| 0 eng d
020 _a9788123923192
041 _aeng
082 _a615.1
100 _aJAIN,N.K
_95355
245 _aHEALTH EDUCATION AND COMMUNITY PHARMACY
250 _a1'ST
260 _aNEW DELHI
_bC B S PUBLISHERS AND DISTRIBUTION
_c2019
300 _a274, III
650 _aPHARMACY
_95356
942 _cBK
999 _c6190
_d6188